LEADER 01103nam0 22002773i 450 001 SUN0128822 005 20200511020003.116 010 $a978-88-916294-8-7$d0.00 100 $a20200511d2018 |0itac50 ba 101 $aita 102 $aIT 105 $a|||| ||||| 200 1 $a*Bitcoin e criptovalute$eprofili fiscali, giuridici e finanziari$fRanieri Razzante$ba cura di] ; prefazione di Antonio Laudati 210 $aSantarcangelo di Romagna$cMaggioli$d2018 215 $a74 p.$cill.$d30 cm. 410 1$1001SUN0001316$12001 $aProfessionisti & imprese$1210 $aSantarcangelo di Romagna$cMaggioli. 606 $aBitcoin$2EC$3SUNC035754 620 $dSantarcangelo di Romagna$3SUNL000123 676 $a332.40724$v21 702 1$aRazzante$b, Ranieri$3SUNV008093 712 $aMaggioli$3SUNV000144$4650 801 $aIT$bSOL$c20210118$gRICA 912 $aSUN0128822 950 $aUFFICIO DI BIBLIOTECA DEL DIPARTIMENTO DI ECONOMIA$d03PREST IIIFd7 $e03BDE2124 20200511 996 $aBitcoin e criptovalute$91537831 997 $aUNICAMPANIA LEADER 01123nam 2200337Ia 450 001 996383866603316 005 20221108084439.0 035 $a(CKB)1000000000587477 035 $a(EEBO)2248513795 035 $a(UnM)9928910100971 035 $a(UnM)99899403 035 $a(EXLCZ)991000000000587477 100 $a19980924d1689 uy | 101 0 $aeng 135 $aurbn#|||a|bb| 200 13$aAn abridgment of Christian doctrine$b[electronic resource] $ewith proofs of scripture for points controverted. Catechistically explained, by way of question and answer 205 $aThe fourteenth edition, with additions. 210 $aPrinted at Doway $c[s.n.$d1689] 215 $a[6], 290, 5, [3] p 300 $aBy Henry Turberville. 300 $aImprint from Wing. 300 $aReproduction of original in the Folger Shakespeare Library. 330 $aeebo-0055 700 $aTurberville$b Henry$fd. 1678.$0793399 801 0$bCu-RivES 801 1$bCu-RivES 801 2$bWaOLN 906 $aBOOK 912 $a996383866603316 996 $aAn abridgment of Christian doctrine$92327757 997 $aUNISA LEADER 00980nam a2200289 a 4500 001 991002733959707536 005 20250612152759.0 008 220620s1982 it a gr 001 0 ita d 035 $ab13572003-39ule_inst 040 $aDip.to Filologia Ling. e Lett.$bita$dSocioculturale Scs 082 0 $a927.9 082 04$a791.430230924$223 100 1 $aHuston, John$0626283 240 13$aAn open book 245 10$aCinque mogli e sessanta film / $4c John Houston 260 $aRoma :$bEditori Riuniti,$c1982 300 $a456 p., [24] carte di tav. :$bill. ;$c22 cm 490 1 $aAlbatros 500 $aTraduzione di Paola Chiesa 700 1 $aChiesa, Paola 830 0$aAlbatros 907 $a.b13572003$b01-08-07$c31-07-07 912 $a991002733959707536 945 $aLE008 CR L VIII 22$g1$i2008000239015$lle008$o-$pE0.00$q-$rl$s-$t0$u0$v0$w0$x0$y.i14532281$z01-08-07 996 $aOpen book$94386197 997 $aUNISALENTO 998 $ale008$b31-07-07$cm$da$e-$fita$git$h0$i0